Warszawa obszary msi bielany. - Statystyki

Ogólne statystyki
  • Ten quiz został rozwiązany 1 438 razy
  • Średni wynik to 7 z 14
Answers on the Grid
Answers color-coded by a green-red scale on the quiz's grid according to % correct below.
Las Bielański
Lotnisko
Piaski
Bródno
Groty
Wrzeciono
Słodowiec
Radiowo
Las
Fort Radiowo
Marymont-Kaskada
Marymont-Ruda
Marymont-Potok
Placówka
Czyste
Okęcie
Wólka Węglowa
Anin
Nowolipki
Chomiczówka
Huta
Boernerowo
Górce
Grochów
Stare Bielany
Żerań
Mirów
Młociny
Filtry
Tarchomin
Wawrzyszew
Natolin
 
Statystyki odpowiedzi
Odpowiedź % Poprawnych
Las Bielański
69%
Piaski
60%
Młociny
52%
Słodowiec
52%
Stare Bielany
52%
Wrzeciono
52%
Huta
50%
Wawrzyszew
50%
Marymont-Ruda
44%
Chomiczówka
42%
Marymont-Kaskada
38%
Radiowo
38%
Wólka Węglowa
38%
Placówka
25%
Nie znaleziono quizów pasujących do podanych kryteriów
Rozkład punktacji
Procent ludzi z każdym wynikiem
Percentyl według liczby udzielonych odpowiedzi
Twoja historia wyników
Nie rozwiązałeś tego quizu